| 000 | 00692nam a22002057a 4500 | ||
|---|---|---|---|
| 003 | OSt | ||
| 005 | 20260203031628.0 | ||
| 008 | 260203b |||||||| |||| 00| 0 eng d | ||
| 020 | _a978-621-8029-11-8 | ||
| 040 |
_aDWC-Main lib _cOC |
||
| 082 |
_2 2020 edition. _aFil. 657 M645a 2020 |
||
| 100 | _aMillan, Zeus Vernon B. | ||
| 245 |
_aAccounting for Business Combinations ( Advanced Accounting 2)/ _cZeus Vernon B. Millan |
||
| 250 | _a 2020 edition. | ||
| 260 |
_aBaguio City: _bBandolin Enterprise, _cc2020. |
||
| 300 |
_axvi, 698 pages : _billustrations ; _c22cm. |
||
| 650 | _a1. Accounting | ||
| 650 | _a2. Financial Statement | ||
| 942 |
_2ddc _cBK - FIL _e2020 edition. _kFil. _n0 |
||
| 999 |
_c8166 _d8166 |
||